Statistics for Top 10 Selling Video Games of All Time

Click here to take the quiz!

General Stats

  • This quiz has been taken 263 times
  • The average score is 3 of 10

Answer Stats

Hint% Correct
Super Mario Bros
60%
Minecraft
58%
Grand Theft Auto V
53%
Tetris
53%
Wii Sports
36%
Mario Kart Wii
32%
Call Of Duty: Modern Warfare 2
13%
Wii Sports Resort
9%
New Super Mario Bros
6%
Wii Play
6%

Score Distribution

Percentile by Number Answered

Percent of People with Each Score

Your Score History

You have not taken this quiz